For better or worse: Negative life events and sibling relationships (Record no. 96664)

000 -LEADER
fixed length control field 00464pab a2200181 454500
008 - FIXED-LENGTH DATA ELEMENTS--GENERAL INFORMATION
fixed length control field 180718b2012 xxu||||| |||| 00| 0 eng d
100 ## - MAIN ENTRY--PERSONAL NAME
Personal name Voorpostel, Marieke
245 ## - TITLE STATEMENT
Title For better or worse: Negative life events and sibling relationships
260 ## - PUBLICATION, DISTRIBUTION, ETC.
Date of publication, distribution, etc. 2012
300 ## - PHYSICAL DESCRIPTION
Extent p.330-348.
362 ## - DATES OF PUBLICATION AND/OR SEQUENTIAL DESIGNATION
Dates of publication and/or sequential designation May
650 ## - SUBJECT ADDED ENTRY--TOPICAL TERM
Topical term or geographic name entry element Children
700 ## - ADDED ENTRY--PERSONAL NAME
Personal name Flap, Henk
700 ## - ADDED ENTRY--PERSONAL NAME
Personal name Lippe, Tanja van der
773 ## - HOST ITEM ENTRY
Main entry heading International Sociology
908 ## - PUT COMMAND PARAMETER (RLIN)
Put command parameter N
909 ## -
-- 96664
Holdings
Withdrawn status Lost status Damaged status Not for loan Permanent Location Current Location Date acquired Serial Enumeration / chronology Barcode Date last seen Price effective from Koha item type
        Indian Institute of Public Administration Indian Institute of Public Administration 2018-07-19 Volume no: 27, Issue no: 3 AR97124 2018-07-19 2018-07-19 Articles

Powered by Koha